000 01227naa a22003257a 4500
001 BR9509984
003 BR-BrBNA
005 20240918181445.0
007 ta
008 230509b bl.||||| |||| 00| 0 por d
040 _aBR-BrBNA
_bpor
_cBiblioteca Nacional de Agricultura
041 _a(Pt)
072 _aF01
_b1940
090 _aF01 BR9509984
100 1 _aFante Junior, L.
100 1 _aBacchi, O.O.S.
100 1 _aGodoy, R.
100 1 _aReichardt, K.
100 1 _aRodrigues, J.A.
111 1 _a15. Reuniao da Comissao Sulbrasileira de Pesquisa de Aveia
_cEntre Rios, PR (Brazil)
_d5-7 Apr 1995
245 1 _aDemanda hidrica da cultivar Sao Carlos de aveia forrageira: 3. Monitoramento do sistema radicular da cultura e condicoes fisicas do solo
260 3 _aGuarapuava, PR (Brasil):
_c1995.
500 _a15. Reuniao da Comissao Sulbrasileira de Pesquisa de Aveia Guarapuava, PR (Brasil): 1995. p. 327-330 (BR9509984-AM)F01
650 _aAveia Forrageira
650 _aRaiz
650 _aCrescimento
773 0 _t15. Reuniao da Comissao Sulbrasileira de Pesquisa de Aveia
_wF01 BR9509984
_gGuarapuava, PR (Brasil), 1995. p. 327-330
909 _a202404
_bLucia
_c55
_dLucia Elande
942 _cAM
_2AGRIS
999 _c325344
_d325344